000 01428nam0a22003011 4500
001 rc\4604809
005 20260405101637.0
021 _aRU
_b[65-71951]
035 _a(NLR Aleph) 008668221
090 _a9103879
_c9103879
100 _a20130416d1965 |||y0rusy50 ca
101 0 _arus
102 _aRU
105 _aa z |||||
200 1 _aОпыт эксплуатации новых приборов, средств и систем автоматизации и телемеханизации нефтепромыслов Татарии
_e[Сборник статей
_fПод ред. Я.С. Глушкина, В.И. Грайфера]
210 _aКазань]
_cТаткнигоиздат
_d1965
215 _a72 с., 1 л. схем.
_cил.
_d20
225 1 _aБиблиотека нефтяника
606 _aНефтяные промыслы
_xАвтоматизация
_jСборники
_2psbo
606 _aКонтрольно-измерительные инструменты и приборы в нефтяной промышленности, автоматические
_jСборники
_2psbo
702 1 _aГлушкин
_bЯ.С.
_4340
702 1 _4340
_8rus
_7ca
_aГрайфер
_bВ. И.
_f1929-2020
_gВалерий Исаакович
_3RU\NLR\AUTH\7737549
_920537
801 0 _aRU
_bNLR
_gpsbo
801 1 _aRU
_bELAR
_2rusmarc
852 _aNLR
_j65-4/14677
942 _cBOOK
980 _aNB